000 00303nam a2200133 i 4500
001 bg
100 1 _aOŚCIK, Jarosław
245 0 _aAdsorpcja /
_cJarosław Ościk.
260 _aWarszawa :
_bPWN,
_c1979.
040 _cBPK
041 _apol
942 _cKS
008 s pl f |000 0 pol
999 _c18709
_d18709
856 _uhttp://koha.tu.koszalin.pl/cgi-bin/koha/opac-detail.pl?biblionumber=18709
_yKatalog online BPK